| 000 | 00349 a2200157 4500 | ||
|---|---|---|---|
| 001 | 61388 | ||
| 020 | _a | ||
| 040 | _cAnchieta - Pituba | ||
| 100 | _aSantos, Jorge Luiz dos | ||
| 240 | 1 | 0 |
_aQuímica _lpor |
| 245 | 1 | 0 | _aQuímica |
| 300 | _a216 | ||
| 362 | 0 | _a1915 | |
| 650 | 4 | _a. Vestibulares / Exames de admissão em universidades | |
| 942 | _cBK | ||
| 999 |
_c61388 _d61388 |
||